[Event "Ille et Vilaine-ch 1112"]
[Site "Ile et Vilaine"]
[Date "2012.03.03"]
[Round "6.3"]
[White "Pellerin, Thierry"]
[Black "Le Duigou, Jean Guy"]
[Result "0-1"]
[WhiteElo "1467"]
[BlackElo "2019"]
[PlyCount "102"]
[EventDate "2012.10.??"]
[EventType "swiss"]
[EventRounds "7"]
[EventCountry "FRA"]
[SourceTitle "EXT 2014"]
[Source "ChessBase"]
[SourceDate "2013.11.20"]
[SourceVersion "1"]
[SourceVersionDate "2013.11.20"]
[SourceQuality "1"]

1. d4 f5 2. Nc3 Nf6 3. Bg5 d5 4. Bxf6 exf6 5. e3 c6 6. Bd3 Bd6 7. Nge2 0-0 8. 0-0 Qc7 9. h3 Be6 10. Qd2 g6 11. Nf4 Bf7 12. h4 Kg7 13. Nce2 Nd7 14. Ng3 Rfe8 15. h5 Nf8 16. hxg6 hxg6 17. f3 Ne6 18. Nxe6+ Bxe6 19. f4 c5 20. c3 c4 21. Be2 b5 22. Kf2 Rh8 23. Rh1 a5 24. Rxh8 Rxh8 25. Rh1 Rxh1 26. Nxh1 b4 27. Qd1 Bd7 28. g4 Qb8 29. Qg1 Qh8 30. Bf3 Qh4+ 31. Ng3 Be6 32. Qg2 fxg4 33. Bxd5 Kf7 34. Bxe6+ Kxe6 35. d5+ Kf7 36. Qh1 Qxh1 37. Nxh1 f5 38. Ng3 bxc3 39. bxc3 Bc5 40. Ne2 Ke7 41. Nd4 Bxd4 42. exd4 Kf6 43. d6 Ke6 44. a4 Kxd6 45. Kg3 Ke6 46. Kf2 Kf6 47. Kg3 g5 48. d5 gxf4+ 49. Kxf4 Ke7 50. Kxf5 g3 51. d6+ Kxd6 0-1

[Event "FRA-chT4 0405"]
[Site "Bretagne"]
[Date "2005.02.06"]
[Round "5"]
[White "Pellerin, Thierry"]
[Black "Le Dref, Maurice"]
[Result "0-1"]
[WhiteElo "1530"]
[BlackElo "1740"]
[PlyCount "50"]
[EventDate "2004.04.03"]
[EventType "team"]
[EventRounds "7"]
[EventCountry "FRA"]
[SourceTitle "EXT 2007"]
[Source "ChessBase"]
[SourceDate "2006.11.23"]
[SourceVersion "1"]
[SourceVersionDate "2006.11.23"]
[SourceQuality "1"]

1. e4 e5 2. Nf3 d5 3. exd5 e4 4. Ne5 Qxd5 5. Nc4 Bc5 6. Nc3 Qd4 7. Qe2 Nf6 8. Qe3 Nc6 9. Nb5 Qxe3+ 10. Nxe3 Bb6 11. Nc4 Nb4 12. Nxb6 cxb6 13. Nc7+ Kd8 14. Nxa8 Nxc2+ 15. Kd1 Nxa1 16. b3 Ng4 17. Ke2 Bd7 18. Bb2 Bb5+ 19. d3 exd3+ 20. Kd2 Nxf2 21. Rg1 Nc2 22. Bxg7 Re8 23. Bh6 Kd7 24. g3 Rxa8 25. Bh3+ Nxh3 0-1